| 000 | 00364nam a2200145 i 4500 | ||
|---|---|---|---|
| 001 | bg | ||
| 100 | 1 | _aBENDER, M. | |
| 245 | 0 |
_aMechanizmy kataliza nukleofilnych reakcij proizvodnych karbonovych kislot / _cM. Bender. |
|
| 260 |
_aMoskva, _c1964. |
||
| 040 | _cBPK | ||
| 041 | _apol | ||
| 080 | _a541 | ||
| 942 | _cKS | ||
| 008 | s pl f |000 0 pol | ||
| 999 |
_c12844 _d12844 |
||
| 856 |
_uhttp://koha.tu.koszalin.pl/cgi-bin/koha/opac-detail.pl?biblionumber=12844 _yKatalog online BPK |
||